000
00183 a2200097 4500
020
_a
9780021793044
041
_a
eng
100
_a
VIRGINIA A. ARNOLD
245
_a
QUEEN TUT
942
_c
BK
999
_c
5749
_d
5749